Те же и Скунс: современная сказка

Détails bibliographiques
Auteur principal: Семенова М. В. Мария Васильевна
Autres auteurs: Милкова Е. Елена, Воскобойников В. Валерий
Résumé:И правоохранительные органы, и криминальный мир Петербурга в равной степени взбудоражены известием: из-за границы прибывает таинственный киллер по прозвищу Скунс. Никто не видел его, никто не знает его имени... Только то, что он не делает ошибок и не оставляет следов... Вот с каким противником предстоит схватка агентству "Эгида плюс" — секретной службе по неконституционному искоренению особо одиозных преступных авторитетов!
Langue:russe
Publié: Москва, АСТ, 2001
Collection:Охранное предприятие Эгида
Sujets:
Format: MixedMaterials Livre
KOHA link:https://koha.lib.tpu.ru/cgi-bin/koha/opac-detail.pl?biblionumber=682277

MARC

LEADER 00000nam0a2200000 4500
001 682277
005 20251114143700.0
010 |a 5-17-006698-8 
010 |a 5-7684-0632-8 
090 |a 682277 
100 |a 20251014d2001 m||y0rusy50 ca 
101 0 |a rus 
102 |a RU 
105 |a y z 000ay 
181 0 |a i   |b  e  
182 0 |a n 
183 0 |a nc  |2 RDAcarrier 
200 1 |a Те же и Скунс  |e современная сказка  |f Мария Семёнова, Елена Милкова 
203 |a Текст  |b визуальный  |c непосредственный 
210 |a Москва  |c АСТ  |a Санкт-Петербург  |c Азбука  |d 2001 
215 |a 414 с. 
225 1 |a Охранное предприятие Эгида 
283 |a volume  |2 RDAcarrier 
330 |a И правоохранительные органы, и криминальный мир Петербурга в равной степени взбудоражены известием: из-за границы прибывает таинственный киллер по прозвищу Скунс. Никто не видел его, никто не знает его имени... Только то, что он не делает ошибок и не оставляет следов... Вот с каким противником предстоит схватка агентству "Эгида плюс" — секретной службе по неконституционному искоренению особо одиозных преступных авторитетов! 
606 |a Русская литература современная  |9 50316 
610 1 |a романы 
610 1 |a детективы 
610 1 |a художественная литература 
675 |a Р2  |v 4 
700 1 |a Семенова  |b М. В.  |c русская писательница, литературный переводчик  |f 1958  |g Мария Васильевна  |3 (RuTPU)RU\TPU\pers\42058  |9 21470 
701 1 |a Милкова  |b Е.  |g Елена 
701 1 |a Воскобойников  |b В.  |g Валерий 
801 0 |a RU  |b 63413507  |c 20251014 
942 |c BK